The fifth assassin / Brad Meltzer.
Archivist Beecher White discovers a connection that may link the individuals responsible for the only four successful assassinations of American Presidents after discovering a modern-day killer who is recreating the assassins' crimes.
Record details
- ISBN: 9780446553971
- ISBN: 0446553972
- Physical Description: ix, 436 pages : illustrations ; 24 cm.
- Edition: First edition.
- Publisher: New York : Grand Central Publishing, ©2013.
Search for related items by subject
| LDR | 01559cam a2200409 a 4500 | ||
|---|---|---|---|
| 001 | 134826 | ||
| 003 | CONS | ||
| 005 | 20141210152351.0 | ||
| 008 | 121211s2013 nyua 000 1 eng d | ||
| 010 | . | ‡a 2012951523 | |
| 020 | . | ‡a9780446553971 | |
| 020 | . | ‡a0446553972 | |
| 035 | . | ‡a(CPomAG)LMN538144 | |
| 043 | . | ‡an-us-dc ‡an-us--- | |
| 050 | 4. | ‡aPS3563.E4496 ‡bF54 2013 | |
| 082 | 0 | 4. | ‡a813/.54 ‡223 |
| 100 | 1 | . | ‡aMeltzer, Brad, ‡eauthor. |
| 245 | 1 | 4. | ‡aThe fifth assassin / ‡cBrad Meltzer. |
| 246 | 3 | . | ‡a5th assassin |
| 250 | . | ‡aFirst edition. | |
| 260 | . | ‡aNew York : ‡bGrand Central Publishing, ‡c©2013. | |
| 300 | . | ‡aix, 436 pages : ‡billustrations ; ‡c24 cm. | |
| 336 | . | ‡atext ‡2rdacontent | |
| 337 | . | ‡aunmediated ‡2rdamedia | |
| 338 | . | ‡avolume ‡2rdacarrier | |
| 520 | . | ‡aArchivist Beecher White discovers a connection that may link the individuals responsible for the only four successful assassinations of American Presidents after discovering a modern-day killer who is recreating the assassins' crimes. | |
| 610 | 1 | 0. | ‡aUnited States. ‡bNational Archives and Records Administration ‡vFiction. |
| 650 | 0. | ‡aArchivists ‡vFiction. | |
| 650 | 0. | ‡aPresidents ‡zUnited States ‡xAssassination ‡vFiction. | |
| 650 | 0. | ‡aAssassins ‡vFiction. | |
| 650 | 0. | ‡aClergy ‡xCrimes against ‡vFiction. | |
| 650 | 0. | ‡aPolitical fiction. | |
| 650 | 0. | ‡aSuspense fiction. | |
| 651 | 0. | ‡aWashington (D.C.) ‡vFiction. | |
| 914 | . | ‡aNAC_cp | |
| 959 | . | ‡i32269000905847 ‡lF Mel ‡aAdult - Fiction ‡tFiction ‡g28.00 | |
| 852 | . | ‡p32269000905847 ‡jF Mel ‡gAdult - Fiction ‡cFiction ‡y28.00 ‡bSBPL | |
| 901 | . | ‡a134826 ‡bUnknown ‡c134826 ‡tbiblio | |